| 000 | 00526nam a2200169Ia 4500 | ||
|---|---|---|---|
| 003 | IN-BaIIA | ||
| 008 | 211028s9999 xx 000 0 eng d | ||
| 020 | _a0-85365-649-5 | ||
| 040 | _cIIA Library | ||
| 100 |
_aHunter, Eric J. _917513 |
||
| 245 | 0 |
_aExamples illustrating AACR 2 1988 Revision _cHunter, Eric J |
|
| 260 |
_aLondon _bThe Library Association _c1989 |
||
| 300 | _axi,234p. | ||
| 650 |
_aAACR _910970 |
||
| 650 | _aAstronomy and Astrophysics Thesaurus | ||
| 942 | _cBK | ||
| 999 |
_c10300 _d10300 |
||